Bargaining in a long-term relationship and the Rubinstein solution
Gespeichert in:
| 1. Verfasser: | |
|---|---|
| Format: | Buch |
| Sprache: | Englisch |
| Veröffentlicht: |
Kiel
Institut für Weltwirtschaft
1996
|
| Schriftenreihe: | Kiel Working Paper
No. 759 |
| Schlagworte: | |
| Tags: |
Keine Tags, Fügen Sie das erste Tag hinzu!
|
MARC
| LEADER | 00000nam a2200000 4500 | ||
|---|---|---|---|
| 001 | c019448 | ||
| 005 | 20250521092854.1 | ||
| 041 | 0 | |a eng | |
| 044 | |a DE | ||
| 245 | 1 | 0 | |a Bargaining in a long-term relationship and the Rubinstein solution |c Frank Stähler |
| 264 | 1 | |a Kiel |b Institut für Weltwirtschaft |c 1996 | |
| 300 | |a 25 s. | ||
| 490 | 1 | |a Kiel Working Paper |v No. 759 | |
| 830 | 0 | |a Kiel Working Paper |v No. 759 | |
| 610 | 2 | 0 | |a rokovania obchodné |
| 610 | 2 | 0 | |a metodika |
| 610 | 2 | 0 | |a komunikácia |
| 610 | 2 | 0 | |a správanie |
| 610 | 2 | 0 | |a vzťahy pracovné |
| 610 | 2 | 0 | |a vzťahy medziľudské |
| 610 | 2 | 0 | |a psychológia ekonomická |
| 610 | 2 | 0 | |a modely rovnováhy |
| 610 | 2 | 0 | |a taktika podniková |
| 100 | 1 | |a Stähler, Frank | |